Let's Play Password Quiz Stats

 Plays Quiz not verified by Sporcle

Challenge
Share
Tweet
Embed
Score 0/6 Timer 03:00
0 Plays Today
Hint Answer % Correct
American sportFootball
92.8%
Orion's Belt is made of theseStar
84.4%
Oil, longhorn, GW BushTexas
83.4%
Coolest girls in schoolCheerleaders
67.8%
AND THE ANSWER IS...Cowboys
47.6%
A competition at which an overall winner is chosenChampionships
22.2%

You're not logged in!

Compare scores with friends on all Sporcle quizzes.
Join for Free
OR
Log In

You Might Also Like...

Show Comments

Extras

Top Quizzes Today


Score Distribution

Your Account Isn't Verified!

In order to create a playlist on Sporcle, you need to verify the email address you used during registration. Go to your Sporcle Settings to finish the process.

Report this User

Report this user for behavior that violates our Community Guidelines.

Details: